000 00851nam a2200277 a 4500
001 76948
003 BD-RjUL
005 20211209082916.0
008 200209s1970 bg a b 000 0 eng
020 _cRs25.00
035 _a(BD-RjUL)77172
040 _aDLC
_cDLC
_dDLC
_dBD-RjUL
_beng
041 _aeng
043 _aa-bg---
082 0 0 _223
_a720.954
_bHUF 1970
100 1 _aHusain, A. B. M.,
_d1934-
_9239071
245 1 0 _aFathpur-sikri and its architecture
_c[by] A.B.M. Husain.
260 _aDacca :
_bBureau of National Reconstruction,
_c1970.
300 _ax, 169 p.;
_billus.
_c28 cm.
504 _aBibliography: p. [155]-163.
650 0 _aArchitecture, Mogul Empire
_zIndia
_zFatehpur-Sikri.
_9239072
650 0 _aArchitecture
_zIndia
_zFatehpur-Sikri.
_9239073
942 _2ddc
_cBK
999 _c76948
_d76948